[Event "CZE-chT2F 1819"]
[Site "Czech Republic"]
[Date "2019.01.27"]
[Round "7.6"]
[White "Pacl, Vaclav"]
[Black "Milat, Patrik"]
[Result "0-1"]
[WhiteElo "2013"]
[BlackElo "2062"]
[PlyCount "62"]
[EventDate "2018.10.14"]
[EventType "team-tourn"]
[EventRounds "11"]
[EventCountry "CZE"]
[SourceTitle "EXT 2022"]
[Source "ChessBase"]
[SourceDate "2021.10.06"]
[SourceVersion "1"]
[SourceVersionDate "2021.10.06"]
[SourceQuality "1"]
[WhiteTeam "Havirov Slovan"]
[BlackTeam "Frydek Mistek III"]
[WhiteTeamCountry "CZE"]
[BlackTeamCountry "CZE"]

1. d4 Nf6 2. Nf3 g6 3. Nbd2 d5 4. e3 Bg7 5. b4 0-0 6. Bb2 Re8 7. Be2 Nbd7 8. 0-0 c6 9. c4 e5 10. Nxe5 Nxe5 11. dxe5 Nd7 12. f4 f6 13. cxd5 fxe5 14. dxc6 bxc6 15. Qb3+ Kh8 16. Nc4 Qe7 17. Bf3 Rb8 18. a3 exf4 19. Bxg7+ Qxg7 20. exf4 Qd4+ 21. Kh1 Ba6 22. Rfc1 c5 23. Na5 Re3 24. Qd5 Qxf4 25. bxc5 Nf6 26. Qd1 Rbe8 27. c6 Be2 28. Bxe2 Rxe2 29. Qf1 Rf2 30. Qc4 Qg5 31. c7 Qxg2# 0-1

[Event "CZE-chT2F 1415"]
[Site "Czech Republic"]
[Date "2015.02.22"]
[Round "8.25"]
[White "Milat, Patrik"]
[Black "Navratil, Jiri1111"]
[Result "1-0"]
[WhiteElo "2071"]
[BlackElo "2091"]
[PlyCount "76"]
[EventDate "2014.11.02"]
[EventType "team-tourn"]
[EventRounds "11"]
[EventCountry "CZE"]
[SourceTitle "EXT 2022"]
[Source "ChessBase"]
[SourceDate "2021.10.06"]
[SourceVersion "1"]
[SourceVersionDate "2021.10.06"]
[SourceQuality "1"]
[WhiteTeam "Dobra"]
[BlackTeam "Grygov II"]
[WhiteTeamCountry "CZE"]
[BlackTeamCountry "CZE"]

1. d4 d5 2. c4 c6 3. Nf3 Nf6 4. Nc3 dxc4 5. a4 Bf5 6. Ne5 Na6 7. f3 g6 8. e4 Be6 9. Nxc4 Bg7 10. Qb3 Rb8 11. Bf4 Nc7 12. d5 cxd5 13. Rd1 0-0 14. exd5 Bd7 15. d6 Na6 16. dxe7 Qxe7+ 17. Be2 Bc6 18. Bd6 Qe6 19. Bxb8 Rxb8 20. 0-0 Nd5 21. Nxd5 Bxd5 22. Rfe1 Re8 23. Qb5 Bc6 24. Qa5 Qf6 25. Rd6 Qh4 26. g3 Qe7 27. Rxc6 bxc6 28. Qxa6 Qb4 29. Qa5 Bd4+ 30. Kf1 Qb3 31. Qd2 c5 32. a5 h5 33. Kg2 Kg7 34. Bd1 Qb8 35. Rxe8 Qxe8 36. b4 Qb5 37. Nd6 Qc6 38. Ne4 Be5 1-0

[Event "CZE-chT2F 1415"]
[Site "Czech Republic"]
[Date "2014.12.14"]
[Round "4.44"]
[White "Splichal, Stanislav"]
[Black "Milat, Patrik"]
[Result "1/2-1/2"]
[WhiteElo "2129"]
[BlackElo "2071"]
[PlyCount "99"]
[EventDate "2014.11.02"]
[EventType "team-tourn"]
[EventRounds "11"]
[EventCountry "CZE"]
[SourceTitle "EXT 2022"]
[Source "ChessBase"]
[SourceDate "2021.10.06"]
[SourceVersion "1"]
[SourceVersionDate "2021.10.06"]
[SourceQuality "1"]
[WhiteTeam "Ostrava TJ Nova Hut"]
[BlackTeam "Dobra"]
[WhiteTeamCountry "CZE"]
[BlackTeamCountry "CZE"]

1. d4 Nf6 2. Nf3 d5 3. c4 e6 4. g3 b6 5. Qc2 c6 6. Bg2 Bb7 7. 0-0 Be7 8. Nbd2 Nbd7 9. e4 Nxe4 10. Nxe4 dxe4 11. Qxe4 Nf6 12. Qe2 c5 13. Rd1 Qc7 14. Bf4 Bd6 15. Bxd6 Qxd6 16. d5 0-0 17. dxe6 Qxe6 18. Qxe6 fxe6 19. Ng5 Bxg2 20. Kxg2 Rae8 21. Re1 e5 22. Rad1 e4 23. Rd6 h6 24. Ne6 Rf7 25. Nf4 g5 26. Nd5 Kg7 27. Ne3 Nd7 28. g4 Ne5 29. Nf5+ Rxf5 30. gxf5 Nf3 31. Red1 Nh4+ 32. Kf1 Nxf5 33. Rd8 Re6 34. R1d5 Rf6 35. Ke1 e3 36. fxe3 Nxe3 37. R8d7+ Kg6 38. R7d6 Nxc4 39. Rxf6+ Kxf6 40. b3 Ne5 41. Rd6+ Kf5 42. Rxh6 c4 43. bxc4 Nxc4 44. Ke2 Ke4 45. Rh7 a5 46. Rc7 Ne5 47. Re7 Kd4 48. Rb7 Kc5 49. Rg7 g4 50. Ke3 1/2-1/2

[Event "SVK-chT2C 1415"]
[Site "Slovakia"]
[Date "2014.11.09"]
[Round "4.3"]
[White "Kral, Peter"]
[Black "Milat, Patrik"]
[Result "0-1"]
[WhiteElo "2120"]
[BlackElo "2071"]
[PlyCount "70"]
[EventDate "2014.10.11"]
[EventType "team-tourn"]
[EventRounds "11"]
[EventCountry "SVK"]
[SourceTitle "EXT 2016"]
[Source "ChessBase"]
[SourceDate "2015.10.08"]
[SourceVersion "1"]
[SourceVersionDate "2015.10.08"]
[SourceQuality "1"]
[WhiteTeam "Filakovo"]
[BlackTeam "Zilina Mladost II"]
[WhiteTeamCountry "SVK"]
[BlackTeamCountry "SVK"]

1. e4 c5 2. Nf3 e6 3. d4 cxd4 4. Nxd4 Nc6 5. Be3 Qc7 6. a3 Nf6 7. Nc3 a6 8. Be2 b5 9. 0-0 Bb7 10. f4 Nxd4 11. Qxd4 Rc8 12. Rad1 Bc5 13. Qxc5 Qxc5 14. Bxc5 Rxc5 15. Bf3 Rxc3 16. bxc3 Bxe4 17. Rd6 Ke7 18. Rxa6 Rc8 19. Bxe4 Nxe4 20. Rf3 Nxc3 21. Rb6 f5 22. g3 h6 23. Rb7 Rc5 24. h4 Ne2+ 25. Kf1 Nc3 26. Ke1 Nd5 27. Kd2 Nc7 28. Rc3 Rd5+ 29. Ke3 Ne8 30. Rd3 Nd6 31. Rxd5 exd5 32. Ra7 Ke6 33. Ra5 Nc4+ 34. Kd4 Nxa5 35. Kc5 Nc4 0-1

[Event "SVK-chT2C 1415"]
[Site "Slovakia"]
[Date "2014.10.11"]
[Round "1.3"]
[White "Miklas, Marian"]
[Black "Milat, Patrik"]
[Result "1/2-1/2"]
[WhiteElo "2112"]
[BlackElo "2071"]
[PlyCount "81"]
[EventDate "2014.10.11"]
[EventType "team-tourn"]
[EventRounds "11"]
[EventCountry "SVK"]
[SourceTitle "EXT 2016"]
[Source "ChessBase"]
[SourceDate "2015.10.08"]
[SourceVersion "1"]
[SourceVersionDate "2015.10.08"]
[SourceQuality "1"]
[WhiteTeam "Banska Bystrica Kurta"]
[BlackTeam "Zilina Mladost II"]
[WhiteTeamCountry "SVK"]
[BlackTeamCountry "SVK"]

1. Nf3 d5 2. c4 c6 3. g3 g6 4. cxd5 cxd5 5. d4 Nf6 6. Bg2 Bg7 7. 0-0 0-0 8. Nc3 Nbd7 9. Qb3 Nb6 10. Bf4 Nh5 11. Bd2 e6 12. e3 Nc4 13. Qc2 Bd7 14. Rfc1 Rc8 15. b3 Nd6 16. Qd3 Qb6 17. Bf1 f5 18. Ne5 Bxe5 19. dxe5 Ne4 20. Nxe4 fxe4 21. Qd4 Qxd4 22. exd4 Ng7 23. Bh6 Rfe8 24. Bxg7 Kxg7 25. Be2 Kf7 26. Kg2 Ke7 27. f3 exf3+ 28. Kxf3 Rf8+ 29. Ke3 Bc6 30. Rf1 Bd7 31. Rxf8 Rxf8 32. Rf1 Rxf1 33. Bxf1 b5 34. b4 Kf7 35. h4 h6 36. Bd3 Kg7 37. Kd2 Kf7 38. a4 a6 39. a5 Kg7 40. Ke3 Kf7 41. Kf4 1/2-1/2

[Event "CZE-chT2F 1314"]
[Site "Czech Republic"]
[Date "2013.12.01"]
[Round "3.27"]
[White "Milat, Patrik"]
[Black "Kocian, Miroslav"]
[Result "0-1"]
[WhiteElo "2006"]
[BlackElo "2015"]
[PlyCount "71"]
[EventDate "2013.11.03"]
[EventType "team-tourn"]
[EventRounds "11"]
[EventCountry "CZE"]
[SourceTitle "EXT 2016"]
[Source "ChessBase"]
[SourceDate "2015.10.08"]
[SourceVersion "1"]
[SourceVersionDate "2015.10.08"]
[SourceQuality "1"]
[WhiteTeam "Dobra"]
[BlackTeam "Zlin II"]
[WhiteTeamCountry "CZE"]
[BlackTeamCountry "CZE"]

1. d4 Nf6 2. c4 c5 3. d5 b5 4. cxb5 a6 5. b6 Qxb6 6. Nc3 d6 7. e4 g6 8. Nf3 Nbd7 9. Nd2 Bg7 10. a4 Rb8 11. a5 Qc7 12. Nc4 Rb4 13. Bd3 h5 14. 0-0 Ng4 15. Qd2 Bd4 16. Kh1 Nde5 17. Nxe5 dxe5 18. f3 c4 19. Bc2 Nf6 20. Ra4 Qc5 21. Na2 Rxa4 22. Bxa4+ Bd7 23. Qc2 0-0 24. Bd2 Rb8 25. Nc3 Rb4 26. Ra1 Qxa5 27. Ra3 Qb6 28. Bxd7 Rxb2 29. Qc1 Bxc3 30. Qxc3 Rxd2 31. Ra1 Qf2 32. Bh3 Qd4 33. Qxd4 exd4 34. Kg1 c3 35. Kf1 d3 36. Ke1 0-1

[Event "Karvina op"]
[Site "Karvina"]
[Date "2012.07.07"]
[Round "8"]
[White "Milat, Patrik"]
[Black "Chudinovskih, Alexander N"]
[Result "1/2-1/2"]
[WhiteElo "1941"]
[BlackElo "2263"]
[PlyCount "71"]
[EventDate "2012.06.30"]
[EventType "swiss"]
[EventRounds "9"]
[EventCountry "CZE"]
[SourceTitle "EXT 2014"]
[Source "ChessBase"]
[SourceDate "2013.11.20"]
[SourceVersion "1"]
[SourceVersionDate "2013.11.20"]
[SourceQuality "1"]

1. d4 Nf6 2. c4 e6 3. Nc3 Bb4 4. Qc2 0-0 5. Bg5 c5 6. d5 h6 7. Bd2 exd5 8. Nxd5 Nxd5 9. cxd5 d6 10. h3 f5 11. e3 f4 12. Nf3 fxe3 13. fxe3 Qe7 14. 0-0-0 Bxd2+ 15. Qxd2 Bf5 16. Bd3 Bxd3 17. Qxd3 Nd7 18. e4 a6 19. g3 Rae8 20. Rde1 Ne5 21. Nxe5 Qxe5 22. Re2 b5 23. Rhe1 c4 24. Qc3 Qg5+ 25. Kb1 Re5 26. Re3 Rf2 27. Qa5 Qf6 28. Qc3 a5 29. Qc1 b4 30. a3 Kh7 31. axb4 axb4 32. Qxc4 Rxd5 33. Qxb4 Rdd2 34. Rb3 Qe6 35. h4 Rde2 36. Rxe2 1/2-1/2

[Event "Karvina op"]
[Site "Karvina"]
[Date "2012.07.04"]
[Round "5"]
[White "Orzechowski, Jacek"]
[Black "Milat, Patrik"]
[Result "0-1"]
[WhiteElo "2243"]
[BlackElo "1941"]
[PlyCount "60"]
[EventDate "2012.06.30"]
[EventType "swiss"]
[EventRounds "9"]
[EventCountry "CZE"]
[SourceTitle "EXT 2014"]
[Source "ChessBase"]
[SourceDate "2013.11.20"]
[SourceVersion "1"]
[SourceVersionDate "2013.11.20"]
[SourceQuality "1"]

1. c4 Nf6 2. Nc3 e5 3. Nf3 Nc6 4. a3 e4 5. Ng5 Qe7 6. d3 exd3 7. Qxd3 Ne5 8. Qd4 c5 9. Qd1 Nxc4 10. Nb5 Qd8 11. e4 Ne5 12. f4 Ng6 13. e5 a6 14. exf6 axb5 15. Qe2+ Ne7 16. fxe7 Bxe7 17. Qxb5 0-0 18. Nf3 Bh4+ 19. Nxh4 Qxh4+ 20. g3 Re8+ 21. Kf2 Qf6 22. Qxc5 Ra5 23. Qc3 Rae5 24. Bd3 b5 25. Bd2 Qb6+ 26. Kf3 Bb7+ 27. Kg4 f5+ 28. Bxf5 Rxf5 29. h4 Bg2 30. h5 Qe6 0-1

[Event "Karvina op"]
[Site "Karvina"]
[Date "2012.07.01"]
[Round "2"]
[White "Havelka, Ondrej"]
[Black "Milat, Patrik"]
[Result "0-1"]
[WhiteElo "1614"]
[BlackElo "1941"]
[PlyCount "58"]
[EventDate "2012.06.30"]
[EventType "swiss"]
[EventRounds "9"]
[EventCountry "CZE"]
[SourceTitle "EXT 2014"]
[Source "ChessBase"]
[SourceDate "2013.11.20"]
[SourceVersion "1"]
[SourceVersionDate "2013.11.20"]
[SourceQuality "1"]

1. e4 c5 2. Nc3 e6 3. g3 Nc6 4. Bg2 Nf6 5. d3 Be7 6. f4 d5 7. Nf3 b6 8. 0-0 0-0 9. h3 Bb7 10. g4 dxe4 11. Nxe4 Nxe4 12. dxe4 Qc7 13. Qe2 Nd4 14. Nxd4 cxd4 15. Qd3 Rfc8 16. Rf2 a5 17. b3 Ba6 18. Qd1 Bc5 19. e5 Rab8 20. Kh2 d3 21. Rf3 Bd4 22. Ba3 Bxa1 23. Qxa1 Qxc2 24. Bd6 Rb7 25. f5 d2 26. fxe6 d1Q 27. exf7+ Rxf7 28. Qxd1 Qxd1 29. Rxf7 Kxf7 0-1

[Event "Orlova op 9th"]
[Site "Orlova"]
[Date "2012.05.22"]
[Round "2.8"]
[White "Gazik, Igor"]
[Black "Milat, Patrik"]
[Result "1-0"]
[WhiteElo "2321"]
[BlackElo "1922"]
[PlyCount "65"]
[EventDate "2012.05.21"]
[EventType "swiss"]
[EventRounds "7"]
[EventCountry "CZE"]
[SourceTitle "CBM 148 Extra"]
[Source "ChessBase"]
[SourceDate "2012.06.22"]
[SourceVersion "1"]
[SourceVersionDate "2012.06.22"]
[SourceQuality "1"]

1. e4 c5 2. Nf3 e6 3. d4 cxd4 4. Nxd4 Nc6 5. Nc3 Qc7 6. Be3 a6 7. Qd2 Nf6 8. f3 Be7 9. g4 d6 10. g5 Nd7 11. f4 b5 12. 0-0-0 Bb7 13. Bxb5 axb5 14. Ndxb5 Qb8 15. Nxd6+ Qxd6 16. Qxd6 Bxd6 17. Rxd6 Ke7 18. Rhd1 Rhd8 19. e5 Rac8 20. b3 Ncxe5 21. fxe5 Rxc3 22. Bb6 Nxb6 23. Rxd8 Be4 24. R8d2 Nd5 25. Kb2 Rc7 26. c4 Nb4 27. Kc3 Nc6 28. Re1 Bf5 29. b4 f6 30. exf6+ gxf6 31. Rd5 e5 32. gxf6+ Kxf6 33. Rc5 1-0

[Event "Ostrava Konik op-B"]
[Site "Ostrava"]
[Date "2012.04.30"]
[Round "3"]
[White "Vinklarek, Robert"]
[Black "Milat, Patrik"]
[Result "0-1"]
[WhiteElo "1792"]
[BlackElo "1895"]
[PlyCount "64"]
[EventDate "2012.04.28"]
[EventType "swiss"]
[EventRounds "9"]
[EventCountry "CZE"]
[SourceTitle "CBM 148 Extra"]
[Source "ChessBase"]
[SourceDate "2012.06.22"]
[SourceVersion "1"]
[SourceVersionDate "2012.06.22"]
[SourceQuality "1"]

1. d4 Nf6 2. c4 g6 3. Nc3 d5 4. Nf3 Bg7 5. Bf4 c6 6. e3 Nbd7 7. Bd3 Nb6 8. cxd5 Nbxd5 9. Be5 Qb6 10. Rb1 Qa5 11. Qd2 Nb4 12. a3 Nxd3+ 13. Qxd3 Bf5 14. Qd1 Bxb1 15. Qxb1 0-0 16. 0-0 Rac8 17. Nd2 Nd5 18. Nb3 Nxc3 19. Nxa5 Nxb1 20. Rxb1 Bxe5 21. dxe5 b6 22. Nb3 c5 23. Kf1 Rfd8 24. Ke2 Rd5 25. f4 f6 26. exf6 exf6 27. e4 Re8 28. Ke3 f5 29. e5 Red8 30. Nc1 Rd1 31. b3 Re1+ 32. Kf2 Rdd1 0-1

[Event "Ostrava Konik op-B"]
[Site "Ostrava"]
[Date "2007.05.??"]
[Round "3"]
[White "Milat, Patrik"]
[Black "Cubok, Milan"]
[Result "1-0"]
[WhiteElo "1785"]
[BlackElo "1900"]
[PlyCount "83"]
[EventDate "2007.05.??"]
[EventType "swiss"]
[EventRounds "9"]
[EventCountry "CZE"]
[SourceTitle "EXT 2010"]
[Source "ChessBase"]
[SourceDate "2010.11.25"]
[SourceVersion "1"]
[SourceVersionDate "2010.11.25"]
[SourceQuality "1"]

1. d4 d5 2. c4 c6 3. Nf3 Nf6 4. Nc3 e6 5. Bg5 dxc4 6. e3 b5 7. a4 Bb4 8. Qc2 Qa5 9. Bxf6 gxf6 10. Be2 Bxc3+ 11. bxc3 Qc7 12. Nd2 Bb7 13. Bf3 Nd7 14. 0-0 a6 15. Rfb1 Nb6 16. axb5 cxb5 17. Bxb7 Qxb7 18. Ne4 Ke7 19. Nc5 Qc8 20. Ra5 Nd7 21. Nxd7 Qxd7 22. Rba1 Qc6 23. e4 Rhg8 24. g3 h5 25. Qe2 h4 26. g4 h3 27. f3 e5 28. d5 Qb6+ 29. Qf2 Rgb8 30. Qxb6 Rxb6 31. Kf2 b4 32. cxb4 c3 33. Rc5 Rxb4 34. Rxc3 Rb2+ 35. Kg3 Rh8 36. Rg1 Rh6 37. Ra3 Rb6 38. Rga1 Rb2 39. R3a2 Rb3 40. Rxa6 Rd3 41. Ra7+ Kd6 42. Rc1 1-0